[Event "Berlin Lichtenberger op 11th"]
[Site "Berlin"]
[Date "2012.08.21"]
[Round "4"]
[White "Acikel, Mert"]
[Black "Schroeder, Gert"]
[Result "1-0"]
[WhiteElo "1791"]
[BlackElo "1391"]
[PlyCount "120"]
[EventDate "2012.08.18"]
[EventType "swiss"]
[EventRounds "9"]
[EventCountry "GER"]
[SourceTitle "CBM 150 Extra"]
[Source "ChessBase"]
[SourceDate "2012.10.19"]
[SourceVersion "1"]
[SourceVersionDate "2012.10.19"]
[SourceQuality "1"]

1. e4 c5 2. Nf3 Nc6 3. d4 cxd4 4. Nxd4 Qb6 5. Nb3 d6 6. Nc3 e6 7. Be3 Qd8 8. Be2 g6 9. 0-0 Bg7 10. Nb5 d5 11. exd5 exd5 12. N5d4 Nge7 13. c3 0-0 14. Bf3 Ne5 15. Bf4 Nf5 16. Nxf5 Nxf3+ 17. Qxf3 Bxf5 18. Nd4 Be4 19. Qe3 Re8 20. Qd2 Be5 21. Bxe5 Rxe5 22. Rfe1 Rg5 23. f3 Bf5 24. Re2 Bd7 25. Rae1 Qf6 26. Kh1 Kf8 27. Re7 Re8 28. Rxd7 Rxe1+ 29. Qxe1 Re5 30. Qf2 Qf4 31. g3 Qc1+ 32. Kg2 Re1 33. Rxd5 Re8 34. Rd7 Rb8 35. Qc2 Qe3 36. Qe2 Qg5 37. h4 Qf6 38. Qe4 Re8 39. Qd5 Re5 40. Qd6+ Qxd6 41. Rxd6 Ke7 42. Ra6 bxa6 43. Nc6+ Kd6 44. Nxe5 Kxe5 45. Kf2 f5 46. Ke3 Kd5 47. Kd3 a5 48. b3 Kc5 49. a3 a6 50. c4 h6 51. f4 h5 52. Kc3 Kd6 53. Kd4 Kc6 54. c5 a4 55. bxa4 a5 56. Kc4 Kc7 57. Kd5 Kd7 58. c6+ Kc7 59. Kc5 Kd8 60. Kd6 Kc8 1-0

[Event "GER-ch Seniors 22nd"]
[Site "Berlin"]
[Date "2010.08.20"]
[Round "5"]
[White "Luebbers, Doris"]
[Black "Schroeder, Gert"]
[Result "1-0"]
[WhiteElo "1386"]
[BlackElo "1171"]
[PlyCount "117"]
[EventDate "2010.08.16"]
[EventType "swiss"]
[EventRounds "9"]
[EventCountry "GER"]
[SourceTitle "CBM 138 Extra"]
[Source "ChessBase"]
[SourceDate "2010.10.29"]
[SourceVersion "1"]
[SourceVersionDate "2010.10.29"]
[SourceQuality "1"]

1. d4 Nf6 2. Bf4 d6 3. h3 g6 4. e3 c6 5. Nf3 Bg7 6. Be2 Nd5 7. Bh2 Qb6 8. Qc1 Nf6 9. 0-0 h5 10. c3 Bf5 11. Nbd2 Nbd7 12. Nc4 Qd8 13. Rd1 0-0 14. Bd3 Ne4 15. Qc2 Ndf6 16. Ncd2 d5 17. Rac1 Qc8 18. Nf1 Bh6 19. Qe2 Kh7 20. Ng3 Bxh3 21. gxh3 Qxh3 22. Qf1 Qe6 23. Qg2 Nxf2 24. Kf1 Nxd1 25. Rxd1 Ng4 26. Bg1 Bxe3 27. Re1 Qf6 28. Bxe3 Nxe3+ 29. Rxe3 c5 30. dxc5 Rad8 31. Qf2 Qg7 32. Rxe7 Rb8 33. Nxh5 Qh6 34. Nf6+ Kg7 35. Nd7 Qh8 36. Ke2 Rbe8 37. Qe3 Qh2+ 38. Kd1 Qh1+ 39. Ne1 Qh4 40. Rxe8 Qg4+ 41. Qe2 Qa4+ 42. b3 Qxd7 43. Rxf8 Kxf8 44. Qe5 Kg8 45. Kc2 b5 46. Qb8+ Kg7 47. Bxb5 Qf5+ 48. Kb2 Qf2+ 49. Nc2 Qxc5 50. a4 Qe7 51. Qe8 Qg5 52. Qe3 Qh4 53. Qxa7 g5 54. Qd4+ Qxd4 55. Nxd4 g4 56. Nf5+ Kf6 57. Bd3 Ke5 58. a5 Kf4 59. a6 1-0

[Event "GER-ch Seniors 22nd"]
[Site "Berlin"]
[Date "2010.08.18"]
[Round "3"]
[White "Dittler, Volkfried"]
[Black "Schroeder, Gert"]
[Result "1-0"]
[WhiteElo "1554"]
[BlackElo "1171"]
[PlyCount "55"]
[EventDate "2010.08.16"]
[EventType "swiss"]
[EventRounds "9"]
[EventCountry "GER"]
[SourceTitle "CBM 138 Extra"]
[Source "ChessBase"]
[SourceDate "2010.10.29"]
[SourceVersion "1"]
[SourceVersionDate "2010.10.29"]
[SourceQuality "1"]

1. d4 d5 2. Nf3 Nf6 3. e3 e6 4. Bd3 Be7 5. 0-0 Bd7 6. Nbd2 c5 7. c4 Nc6 8. a3 0-0 9. Qe2 Bd6 10. dxc5 Bc7 11. b4 Be5 12. Nxe5 Nxe5 13. Bc2 a6 14. Bb2 Nxc4 15. Nxc4 dxc4 16. Rad1 Nd5 17. Qxc4 Bb5 18. Qd4 f6 19. Rfe1 Qb8 20. Qe4 Kf7 21. Qxh7 Ne7 22. Qh5+ g6 23. Qh7+ Ke8 24. Bxg6+ Nxg6 25. Qxg6+ Ke7 26. Qg7+ Rf7 27. Bxf6+ Ke8 28. Qg8+ 1-0

[Event "Berlin Lichtenberger op 8th"]
[Site "Berlin"]
[Date "2009.08.22"]
[Round "8"]
[White "Schroeder, Gert"]
[Black "Lippianowski, Stefan"]
[Result "1-0"]
[WhiteElo "2050"]
[BlackElo "936"]
[PlyCount "39"]
[EventDate "2009.08.15"]
[EventType "swiss"]
[EventRounds "9"]
[EventCountry "GER"]
[SourceTitle "CBM 131 Extra"]
[Source "ChessBase"]
[SourceDate "2009.09.03"]
[SourceVersion "2"]
[SourceVersionDate "2009.09.16"]
[SourceQuality "1"]

1. d4 d5 2. c4 Nf6 3. Nc3 e6 4. Nf3 Nc6 5. a3 h6 6. Bf4 Bd6 7. Ne5 Qe7 8. Nxc6 bxc6 9. Be5 0-0 10. e3 Nh7 11. Bd3 f5 12. f4 Rf7 13. 0-0 Nf8 14. Rf3 Ng6 15. Rg3 Kh7 16. Qh5 Nf8 17. Rf1 Bd7 18. c5 Bxc5 19. dxc5 Qxc5 20. Qxf7 1-0

[Event "Berlin Lichtenberger op 8th"]
[Site "Berlin"]
[Date "2009.08.19"]
[Round "5"]
[White "Schroeder, Gert"]
[Black "Moeller, Dirk Halvard"]
[Result "0-1"]
[WhiteElo "2050"]
[BlackElo "1602"]
[PlyCount "106"]
[EventDate "2009.08.15"]
[EventType "swiss"]
[EventRounds "9"]
[EventCountry "GER"]
[SourceTitle "CBM 131 Extra"]
[Source "ChessBase"]
[SourceDate "2009.09.03"]
[SourceVersion "2"]
[SourceVersionDate "2009.09.16"]
[SourceQuality "1"]

1. Nf3 d5 2. d4 Bf5 3. Nbd2 Nc6 4. a3 Nf6 5. c4 e6 6. Qa4 Bd6 7. Nh4 Bg6 8. Nxg6 hxg6 9. c5 Be7 10. Nf3 Qd7 11. Qc2 Ne4 12. e3 0-0-0 13. Bb5 a6 14. Ne5 Qe8 15. Nxc6 bxc6 16. Bxa6+ Kd7 17. b4 Bh4 18. g3 Bg5 19. Bb2 Ke7 20. Qe2 f5 21. Bd3 Nf6 22. h4 Bh6 23. b5 cxb5 24. c6 Qxc6 25. Bxb5 Qb6 26. a4 c6 27. Ba3+ Kf7 28. Bc5 Qa5+ 29. Qd2 Qxd2+ 30. Kxd2 cxb5 31. f3 bxa4 32. Rxa4 Ra8 33. Ba7 Rhd8 34. Rha1 Rd7 35. Bc5 Rxa4 36. Rxa4 Rb7 37. Ba3 g5 38. hxg5 Bxg5 39. Ra8 Rb3 40. f4 Bh6 41. Ke2 Ng4 42. Rf8+ Kg6 43. Bc1 Nf6 44. Rc8 Ne4 45. Kf3 Rc3 46. Re8 Rxc1 47. Rxe6+ Kh5 48. Re5 g6 49. g4+ Kh4 50. gxf5 Rf1+ 51. Kg2 Rf2+ 52. Kg1 Kg3 53. fxg6 Nd2 0-1

[Event "Berlin Lichtenberger op 8th"]
[Site "Berlin"]
[Date "2009.08.16"]
[Round "2"]
[White "Nauschuetz, Ernst"]
[Black "Schroeder, Gert"]
[Result "1-0"]
[WhiteElo "1839"]
[BlackElo "2050"]
[PlyCount "105"]
[EventDate "2009.08.15"]
[EventType "swiss"]
[EventRounds "9"]
[EventCountry "GER"]
[SourceTitle "CBM 131 Extra"]
[Source "ChessBase"]
[SourceDate "2009.09.03"]
[SourceVersion "2"]
[SourceVersionDate "2009.09.16"]
[SourceQuality "1"]

1. c4 Nf6 2. Nc3 g6 3. Nf3 Bg7 4. g3 d6 5. Bg2 c6 6. d4 Nbd7 7. 0-0 Qc7 8. e4 e5 9. Rb1 0-0 10. Re1 Rd8 11. h3 Nf8 12. Be3 Bd7 13. Qd2 Ne8 14. Bg5 f6 15. Be3 Qc8 16. Kh2 Nc7 17. Bh6 Ne8 18. Bxg7 Nxg7 19. b4 a6 20. Rec1 Qb8 21. b5 Qa7 22. b6 Qb8 23. a4 Nfe6 24. a5 f5 25. Re1 f4 26. Rbd1 Nh5 27. d5 Nc5 28. Ng1 g5 29. Bf3 Nf6 30. dxc6 Bxc6 31. Nd5 Nxd5 32. exd5 Nb3 33. Qc3 Ba4 34. h4 gxh4 35. gxf4 Nc5 36. Rc1 Nb3 37. Rb1 Nd4 38. Ne2 Bc2 39. Rbc1 Nxf3+ 40. Qxf3 Bg6 41. Qg4 Rf8 42. Rg1 Qe8 43. f5 Rf6 44. fxg6 Rxg6 45. Qf5 Rc8 46. f4 Rc5 47. fxe5 dxe5 48. d6 Qc6 49. Rxg6+ hxg6 50. Qxg6+ Kh8 51. Qh6+ Kg8 52. Rg1+ Kf7 53. Rg7+ 1-0

[Event "Berlin Lichtenberger op 8th"]
[Site "Berlin"]
[Date "2009.08.16"]
[Round "3"]
[White "Schroeder, Gert"]
[Black "Wendland, Frank"]
[Result "0-1"]
[WhiteElo "2050"]
[BlackElo "1756"]
[PlyCount "107"]
[EventDate "2009.08.15"]
[EventType "swiss"]
[EventRounds "9"]
[EventCountry "GER"]
[SourceTitle "CBM 131 Extra"]
[Source "ChessBase"]
[SourceDate "2009.09.03"]
[SourceVersion "2"]
[SourceVersionDate "2009.09.16"]
[SourceQuality "1"]

1. Nf3 Nf6 2. g3 d5 3. Bg2 c6 4. c3 Nbd7 5. 0-0 e6 6. a3 Be7 7. d3 0-0 8. Qc2 b6 9. Nbd2 Ba6 10. Rd1 Qc7 11. Nb3 Rfd8 12. d4 Rac8 13. Bf4 Bd6 14. e3 Bb5 15. a4 Bc4 16. Nc1 a5 17. Nd3 Nh5 18. Bxd6 Qxd6 19. Nde5 Ba6 20. g4 Nhf6 21. h3 c5 22. c4 cxd4 23. exd4 Bxc4 24. Qb1 Ne4 25. Nxd7 Rxd7 26. Ne5 Rdc7 27. Bxe4 dxe4 28. Qxe4 Bd5 29. Qe3 Rc2 30. Rac1 Qc7 31. Nd3 Bb3 32. Nc5 Bxa4 33. b3 Rxc1 34. Rxc1 Bb5 35. Nd3 Qd7 36. Ne5 Qd8 37. Rc3 Kf8 38. Qf3 Be8 39. Rc4 Rxc4 40. bxc4 Qxd4 41. Qa3+ Kg8 42. Nf3 Qd1+ 43. Kg2 Bc6 44. Qe3 Qxf3+ 45. Qxf3 Bxf3+ 46. Kxf3 Kf8 47. Ke3 Ke7 48. Kd4 Kd6 49. f4 a4 50. Kc3 Kc5 51. h4 f5 52. gxf5 exf5 53. h5 h6 54. Kd3 0-1

[Event "Berlin-ch Seniors op 25th"]
[Site "Berlin"]
[Date "2009.02.20"]
[Round "9"]
[White "Jiranek, Benno"]
[Black "Schroeder, Gert"]
[Result "0-1"]
[WhiteElo "1329"]
[BlackElo "1135"]
[PlyCount "65"]
[EventDate "2009.02.12"]
[EventType "swiss"]
[EventRounds "9"]
[EventCountry "GER"]
[SourceTitle "EXT 2022"]
[Source "ChessBase"]
[SourceDate "2021.10.06"]
[SourceVersion "1"]
[SourceVersionDate "2021.10.06"]
[SourceQuality "1"]

1. d4 Nf6 2. c4 g6 3. Nc3 Bg7 4. e4 d6 5. Nf3 0-0 6. Be2 Nbd7 7. 0-0 c6 8. Bf4 Nh5 9. Bg3 Nxg3 10. fxg3 Qc7 11. Qb3 Kh8 12. Ng5 Nf6 13. c5 d5 14. exd5 cxd5 15. Nxd5 Nxd5 16. Nxf7+ Rxf7 17. Rxf7 Be6 18. Rxg7 Kxg7 19. Bc4 Rd8 20. Re1 Bf7 21. Qf3 e6 22. Rf1 Rf8 23. Bxd5 exd5 24. Qf6+ Kg8 25. b4 Qc6 26. Qe7 Qb5 27. c6 Qxc6 28. h4 a6 29. h5 gxh5 30. Rf6 Qc1+ 31. Kh2 Qg5 32. g4 Kg7 33. Rf5 0-1

[Event "Berlin Lichtenberger op 7th"]
[Site "Berlin"]
[Date "2008.08.24"]
[Round "9"]
[White "Schroeder, Gert"]
[Black "Junghaenel, Dieter"]
[Result "0-1"]
[WhiteElo "1079"]
[BlackElo "1755"]
[PlyCount "58"]
[EventDate "2008.08.16"]
[EventType "swiss"]
[EventRounds "9"]
[EventCountry "GER"]
[SourceTitle "CBM 126 Extra"]
[Source "ChessBase"]
[SourceDate "2008.11.05"]
[SourceVersion "1"]
[SourceVersionDate "2008.11.05"]
[SourceQuality "1"]

1. Nf3 d5 2. d4 Nf6 3. c4 e6 4. e3 c6 5. Bd3 Nbd7 6. Qc2 h6 7. Nc3 Bd6 8. c5 Bc7 9. Qb1 Qe7 10. b4 e5 11. e4 exd4 12. Nxd4 Ne5 13. 0-0 Nxd3 14. Qxd3 dxe4 15. Qc2 Bxh2+ 16. Kh1 Be5 17. Nde2 Bg4 18. Bf4 Bxe2 19. Qxe2 Bxf4 20. Rae1 0-0 21. Qc4 Qe5 22. g3 Qh5+ 23. Kg2 Qf3+ 24. Kg1 Bd2 25. Re3 Bxe3 26. Ne2 Bd2 27. Rb1 Ng4 28. Rf1 e3 29. Nd4 exf2+ 0-1

[Event "Berlin Lichtenberger op 7th"]
[Site "Berlin"]
[Date "2008.08.23"]
[Round "8"]
[White "Dietzel, Uwe"]
[Black "Schroeder, Gert"]
[Result "1-0"]
[WhiteElo "1532"]
[BlackElo "1079"]
[PlyCount "77"]
[EventDate "2008.08.16"]
[EventType "swiss"]
[EventRounds "9"]
[EventCountry "GER"]
[SourceTitle "CBM 126 Extra"]
[Source "ChessBase"]
[SourceDate "2008.11.05"]
[SourceVersion "1"]
[SourceVersionDate "2008.11.05"]
[SourceQuality "1"]

1. e4 g6 2. d4 d6 3. Nc3 Bg7 4. Be3 c6 5. Be2 Qc7 6. Nf3 Nd7 7. Qd2 Ngf6 8. h3 0-0 9. 0-0-0 Re8 10. Bh6 e5 11. Bxg7 Kxg7 12. dxe5 dxe5 13. Qe3 Nf8 14. Rd2 Ne6 15. g3 b6 16. Rhd1 Bb7 17. Bc4 Rad8 18. Rxd8 Rxd8 19. Rxd8 Nxd8 20. Qd3 Qd7 21. Nxe5 Qxd3 22. cxd3 a5 23. a4 Bc8 24. g4 Kf8 25. Kd2 h5 26. f3 Ke7 27. d4 Ne8 28. d5 Nd6 29. Bd3 Kf6 30. Nxc6 Nxc6 31. dxc6 Ke5 32. Nd5 f5 33. Nxb6 Be6 34. exf5 gxf5 35. gxh5 Kf4 36. h6 Bg8 37. c7 Kg5 38. c8Q Nxc8 39. Nxc8 1-0

[Event "Berlin Lichtenberger op 7th"]
[Site "Berlin"]
[Date "2008.08.22"]
[Round "7"]
[White "Schroeder, Gert"]
[Black "Sawlin, Leonid"]
[Result "0-1"]
[WhiteElo "1079"]
[BlackElo "1872"]
[PlyCount "56"]
[EventDate "2008.08.16"]
[EventType "swiss"]
[EventRounds "9"]
[EventCountry "GER"]
[SourceTitle "CBM 126 Extra"]
[Source "ChessBase"]
[SourceDate "2008.11.05"]
[SourceVersion "1"]
[SourceVersionDate "2008.11.05"]
[SourceQuality "1"]

1. d4 c5 2. Nf3 g6 3. e4 Bg7 4. Bc4 d6 5. c3 Nd7 6. Ng5 Nh6 7. Be3 Nb6 8. Be2 Nd7 9. Bb5 b6 10. Bxd7+ Bxd7 11. 0-0 Ng4 12. Bf4 e5 13. Be3 Nxe3 14. fxe3 Qxg5 15. Rf3 0-0 16. Rg3 Qh4 17. Nd2 exd4 18. cxd4 cxd4 19. Nf3 Qxe4 20. Nd2 Qe7 21. Nc4 Rac8 22. Rc1 d5 23. b3 dxc4 24. bxc4 dxe3 25. Qe2 Qe4 26. Kh1 Rfe8 27. h4 Qe5 28. Re1 Qxg3 0-1

[Event "Berlin Lichtenberger op 7th"]
[Site "Berlin"]
[Date "2008.08.16"]
[Round "1"]
[White "Schroeder, Gert"]
[Black "Alihodzic, Ahmo"]
[Result "0-1"]
[WhiteElo "1079"]
[BlackElo "1954"]
[PlyCount "24"]
[EventDate "2008.08.16"]
[EventType "swiss"]
[EventRounds "9"]
[EventCountry "GER"]
[SourceTitle "CBM 126 Extra"]
[Source "ChessBase"]
[SourceDate "2008.11.05"]
[SourceVersion "1"]
[SourceVersionDate "2008.11.05"]
[SourceQuality "1"]

1. d4 e5 2. dxe5 Qe7 3. Nf3 Nc6 4. e4 Nxe5 5. c3 Nf6 6. Bf4 Nxf3+ 7. gxf3 d5 8. Qa4+ Bd7 9. Bh3 Bxa4 10. e5 Nh5 11. Be3 Qxe5 12. 0-0 Bd6 0-1

[Event "Berlin-ch Seniors op 23rd"]
[Site "Berlin"]
[Date "2007.02.12"]
[Round "8"]
[White "Schroeder, Gert"]
[Black "Rollwitz, Inge"]
[Result "0-1"]
[WhiteElo "1055"]
[BlackElo "1288"]
[PlyCount "72"]
[EventDate "2007.02.05"]
[EventType "swiss"]
[EventRounds "9"]
[EventCountry "GER"]
[SourceTitle "EXT 2022"]
[Source "ChessBase"]
[SourceDate "2021.10.06"]
[SourceVersion "1"]
[SourceVersionDate "2021.10.06"]
[SourceQuality "1"]

1. d4 d5 2. Nf3 Nf6 3. c3 e6 4. e3 c5 5. b3 cxd4 6. Nxd4 a6 7. Nd2 Bc5 8. Nc2 b5 9. Be2 0-0 10. 0-0 Bb7 11. Bf3 Nbd7 12. Be2 Rc8 13. Bb2 Rc7 14. a4 b4 15. c4 Qa8 16. Nf3 Rd8 17. Ncd4 dxc4 18. Bxc4 e5 19. Nb5 Rc6 20. Qe2 Qb8 21. Rad1 axb5 22. axb5 Rd6 23. Rxd6 Bxd6 24. Rd1 e4 25. Ng5 Ne5 26. Bxe5 Bxe5 27. Bxf7+ Kh8 28. Rc1 h6 29. Ne6 Rc8 30. Rd1 Nd5 31. Qg4 Ne7 32. g3 Qa8 33. f4 exf3 34. Rf1 Qa2 35. Rxf3 Rc1+ 36. Rf1 Qg2# 0-1